| 000 | 01155nam0a22002771 4500 | ||
|---|---|---|---|
| 001 | rc\3015792 | ||
| 005 | 20250430113236.0 | ||
| 035 | _a(NLR Aleph) 007216490 | ||
| 090 |
_a7684335 _c7684335 |
||
| 100 | _a20110926d1940 |||y0rusy50 ca | ||
| 101 | 0 | _arus | |
| 102 | _aRU | ||
| 105 | _ay c ||||b | ||
| 200 | 1 |
_aМ.А. Шолохов _e(Краткая биогр. справка и указатель лит.) _fбиблиограф Р. Захарьина _gЦентр. дом культуры железнодорожников, Центр. б-ка |
|
| 210 |
_aМосква _cБ. и. _d1940 |
||
| 215 |
_a4 ненум. с. _d20 см |
||
| 300 | _aБез обл. | ||
| 600 | 1 |
_aШолохов _bМ.А. _f1905-1984 _gМихаил Александрович |
|
| 700 | 1 |
_aЗахарьина _bР. Г. _gРоза Григорьевна |
|
| 712 | 0 | 2 |
_aЦентральный дом культуры железнодорожников _cМосква _bЦентральная библиотека _3RU\NLR\AUTH\889938617 _4570 |
| 801 | 0 |
_aRU _bNLR _gpsbo |
|
| 801 | 1 |
_aRU _bELAR _2rusmarc |
|
| 852 |
_aNLR _j641/Ш78-2 |
||
| 942 | _cBOOK | ||
| 980 | _aNB | ||